The #MeToo movement
| Main Author: | |
|---|---|
| Format: | Print Book |
| Language: | English |
| Published: |
Santa Barbara, California Denver, Colorado
ABC-CLIO
[2019]
|
| In: | Year: 2019 |
| Online Access: |
Table of Contents Blurb |
| Availability in Tübingen: | Present in Tübingen. UB: KB 21 A 32 |
| Check availability: | HBZ Gateway |
| Subito Delivery Service: | Order now. |
| Keywords: |
MARC
| LEADER | 00000cam a2200000 c 4500 | ||
|---|---|---|---|
| 001 | 1645649644 | ||
| 003 | DE-627 | ||
| 005 | 20260206151621.0 | ||
| 007 | tu | ||
| 008 | 190206s2019 xxu||||| 00| ||eng c | ||
| 020 | |a 9781440867491 |c hbk |9 978-1-4408-6749-1 | ||
| 035 | |a (DE-627)1645649644 | ||
| 035 | |a (DE-603)450927806 | ||
| 035 | |a (DE-576)517337509 | ||
| 035 | |a (DE-599)BSZ517337509 | ||
| 035 | |a (OCoLC)1059578887 | ||
| 040 | |a DE-627 |b ger |c DE-627 |e rda | ||
| 041 | |a eng | ||
| 044 | |c XD-US | ||
| 050 | 0 | |a HV6625 | |
| 082 | 0 | |a 362.88 |q LOC |2 23 | |
| 084 | |a 2,1 |2 ssgn | ||
| 084 | |a MS 2880 |2 rvk |0 (DE-625)rvk/123649: | ||
| 084 | |a 71.31 |2 bkl | ||
| 100 | 1 | |a Hillstrom, Laurie Collier |d 1965- |e VerfasserIn |0 (DE-588)17324548X |0 (DE-627)698164644 |0 (DE-576)177405155 |4 aut | |
| 109 | |a Hillstrom, Laurie Collier 1965- |a Collier Hillstrom, Laurie 1965- |a Hillstrom, Laurie C. 1965- | ||
| 245 | 1 | 4 | |a The #MeToo movement |c Laurie Collier Hillstrom |
| 264 | 1 | |a Santa Barbara, California |a Denver, Colorado |b ABC-CLIO |c [2019] | |
| 264 | 4 | |c © 2019 | |
| 300 | |a x, 149 Seiten | ||
| 336 | |a Text |b txt |2 rdacontent | ||
| 337 | |a ohne Hilfsmittel zu benutzen |b n |2 rdamedia | ||
| 338 | |a Band |b nc |2 rdacarrier | ||
| 490 | 0 | |a 21st-century turning points | |
| 500 | |a Includes bibliographical references and index | ||
| 583 | 1 | |a Archivierung/Langzeitarchivierung gewährleistet |f SSG |x XA-DE-BW |2 pdager |5 DE-21 | |
| 648 | 7 | |a Geschichte |2 gnd | |
| 650 | 0 | |a Sexual abuse victims | |
| 650 | 0 | |a Sex crimes |x Prevention | |
| 650 | 0 | |a Sexual Harassment |x Prevention | |
| 650 | 0 | |a Feminism | |
| 650 | 0 | 7 | |0 (DE-588)4238118-6 |0 (DE-627)104881747 |0 (DE-576)210410639 |a Sexuelle Belästigung |2 gnd |
| 650 | 0 | 7 | |0 (DE-588)4226404-2 |0 (DE-627)104464305 |0 (DE-576)210313803 |a Protestbewegung |2 gnd |
| 650 | 0 | 7 | |0 (DE-588)4639271-3 |0 (DE-627)330421344 |0 (DE-576)214542661 |a Social Media |2 gnd |
| 650 | 0 | 7 | |0 (DE-588)4000973-7 |0 (DE-627)106399241 |0 (DE-576)208840400 |a Aktivismus |2 gnd |
| 650 | 0 | 7 | |0 (DE-588)4018202-2 |0 (DE-627)104270705 |0 (DE-576)208923209 |a Frau |2 gnd |
| 650 | 0 | 7 | |0 (DE-588)1253967660 |0 (DE-627)1796400084 |a Sexualisierte Gewalt |2 gnd |
| 650 | 0 | 7 | |0 (DE-588)4222126-2 |0 (DE-627)104499168 |0 (DE-576)210278633 |a Feminismus |2 gnd |
| 650 | 0 | 7 | |0 (DE-588)4071428-7 |0 (DE-627)106097741 |0 (DE-576)209183926 |a Frauenbewegung |2 gnd |
| 689 | 0 | 0 | |d s |0 (DE-588)4238118-6 |0 (DE-627)104881747 |0 (DE-576)210410639 |a Sexuelle Belästigung |2 gnd |
| 689 | 0 | 1 | |d s |0 (DE-588)4226404-2 |0 (DE-627)104464305 |0 (DE-576)210313803 |a Protestbewegung |2 gnd |
| 689 | 0 | 2 | |d s |0 (DE-588)4639271-3 |0 (DE-627)330421344 |0 (DE-576)214542661 |a Social Media |2 gnd |
| 689 | 0 | 3 | |d s |0 (DE-588)4000973-7 |0 (DE-627)106399241 |0 (DE-576)208840400 |a Aktivismus |2 gnd |
| 689 | 0 | 4 | |a z |2 gnd |a Geschichte |
| 689 | 0 | |5 (DE-627) | |
| 776 | 1 | |z 9781440867507 |c oBook | |
| 776 | 0 | 8 | |i Erscheint auch als |n Online-Ausgabe |a Hillstrom, Laurie Collier, 1965- author |t #MeToo movement |d Santa Barbara, California : ABC-CLIO, [2019] |w (DLC)2018038046 |
| 856 | 4 | 2 | |u https://swbplus.bsz-bw.de/bsz1645649644inh.htm |m V:DE-576;B:DE-21 |q application/pdf |v 20190605154433 |3 Inhaltsverzeichnis |7 1 |
| 856 | 4 | 2 | |u https://swbplus.bsz-bw.de/bsz1645649644kla.htm |m V:DE-576;B:DE-21 |q application/pdf |v 20190605154434 |3 Klappentext |7 1 |
| 889 | |w (DE-627)1029090831 | ||
| 935 | |a MZUSA | ||
| 935 | |i mdedup | ||
| 936 | r | v | |a MS 2880 |b Sexuierte Praktiken (Prostitution, Pornographie, auch abweichendes Sexualverhalten, etc.) |k Soziologie |k Spezielle Soziologien |k Soziologische Geschlechterforschung (Gender Studies) |k Sexuierte Praktiken (Prostitution, Pornographie, auch abweichendes Sexualverhalten, etc.) |0 (DE-627)1271304899 |0 (DE-625)rvk/123649: |0 (DE-576)201304899 |
| 936 | b | k | |a 71.31 |j Geschlechter und ihr Verhalten |0 (DE-627)106412655 |
| 936 | s | n | |a m200 |2 mzub |
| 951 | |a BO | ||
| ELC | |b 1 | ||
| LOK | |0 000 xxxxxcx a22 zn 4500 | ||
| LOK | |0 001 3315101817 | ||
| LOK | |0 003 DE-627 | ||
| LOK | |0 004 1645649644 | ||
| LOK | |0 005 20190402153103 | ||
| LOK | |0 008 190206||||||||||||||||ger||||||| | ||
| LOK | |0 040 |a DE-21 |c DE-627 |d DE-21 | ||
| LOK | |0 852 |a DE-21 | ||
| LOK | |0 852 1 |c KB 21 A 32 |9 00 | ||
| LOK | |0 935 |a krim | ||
| LOK | |0 938 |a 1904 |f 34 | ||
| LOK | |0 939 |a 06-02-19 |b l01 | ||
| ORI | |a SA-MARC-krimdoka001.raw | ||
| SIG | |a UB: KB 21 A 32 | ||
